Responses for Show #8346 - Monday, March 1, 2021

Contestants

[<< previous game]

Jon Spurney, a musician and screenwriter originally from New York, New York

Jillian Zeidner, a legislative analyst from Sacramento, California

Michael Colton, a screenwriter originally from Newton, Massachusetts (whose 2-day cash winnings total $17,603)

[next game >>]

Jeopardy! Round responses

AMERICAN HISTORY
IN THE MEDICINE CABINET
HOW 'BOUT A GAME OF CARDS?
(Mike: That classic British version dating from the 1930s...)
LONDON MONOPOLY GEOGRAPHY
____ & ____
THE NATIONAL RECORDING REGISTRY
(Mike: Additions to the Library of Congress list from 2020.)
    $200 6
Texas

Jon
    $200 16
Tums

Jillian
    $200 11
UNO

Michael
    $200 26
Oxford

Michael
    $200 1
skin & bones

Jillian
    $200 21
Whitney Houston

Michael
    $400 7
(Jon: Who is... Dolley Madison?)

Abigail Adams

JillianJon
    $400 17
ibuprofen

Jillian
    $400 12
Old Maid

Michael
    $400 27
the Thames

Michael
    $400 2
ball & chain

Michael
    $400 22
Dr. Dre

Jillian
    $600 8
Space Shuttle

Triple Stumper
    $600 18
menthol

Jon
    $600 13
Concentration

Jon
    $600 28
Trafalgar Square

Jillian
    $600 3
cock & bull

Jon
    $600 23
the Village People

Jon
    $800 9
the Sioux

Jillian
    $800 19
decongestant

Jillian
    $800 14
Blackjack

Michael
    $800 29
Fleet Street

Jillian
    $800 4
hammer & tongs

Jon
    $800 24
Fiddler on the Roof

Michael
    $1,400 10
(Jillian: What is the FAA?)

CIA

Jillian
    $1000 20
(Mike: Yeah, that's a song by The Coasters.)

calamine

Jon
    $1000 15
Cards Against Humanity

Michael
    $1000 30
(Jillian: What is Victoria Station?)

King's Cross

JillianJon
    $1000 5
lo & behold

Triple Stumper
    $1000 25
Granada

Michael

Scores at the first commercial break (after clue 15):

Michael Jillian Jon
$2,800 $0 $1,800

Scores at the end of the Jeopardy! Round:

Michael Jillian Jon
$5,400 $2,200 $5,000

Double Jeopardy! Round responses

AUTHORS' ROAD TRIPS
ANTHROPOLOGY
1984 TV SHOW DEBUTS
F IS FOR FAMILY
BARTLETT'S FAMILIAR QUOTATIONS
NATIONALITY RHYMES
    $400 1
Laura Ingalls Wilder

Jillian
    $400 19
human sacrifice

Jon
    $400 30
Don Johnson

Michael
    $400 9
Muhammad

Michael
    $400 14
Steve Jobs

Michael
    $400 21
Swiss bliss

Jon
    $800 2
(Mike: Zen and the Art of Motorcycle Maintenance was the book.)

a motorcycle

Michael
    $800 20
a nuclear family

Michael
    $800 29
Leave it to Beaver

Jon
    $800 10
Forbes

Jon
    $800 15
The Rime of the Ancient Mariner

Michael
    $800 22
the Cuban reuben

Jillian
    $3,000 3
(Mike: On the Road.)

Jack Kerouac

Michael
    $2,400 24
hunter-gatherer

Jon
    $1200 6
Who's The Boss?

Michael
    $1200 11
(Enzo) Ferrari

Jon
    $1200 16
James Brown

Michael
    $1200 23
a Czech peck

Jon
    $1600 4
Zora Neale Hurston

Michael
    $1600 25
flint

Jon
    $1600 7
Password

Jon
    $1600 12
Fabergé

Jillian
    $1600 17
jumps over the lazy dog

Jillian
    $1600 27
Dutch clutch

Michael
    $2000 5
Roughing It

Triple Stumper
    $2000 26
cargo cults

Triple Stumper
    $2000 8
Lifestyles of the Rich and Famous

Jon
    $2000 13
Flavian

Jon
    $2000 18
(Jillian: What is the Rosetta Stone?)

the Book of the Dead

JillianJon
    $2000 28
Syrian criterion

Triple Stumper

Scores at the end of the Double Jeopardy! Round:

Michael Jillian Jon
$17,600 $4,600 $21,400

[wagering suggestions for these scores]

Final Jeopardy! Round responses

GEOGRAPHIC REGIONS
(Mike: [To Jon] It's from a book whose title translates to "A History of Navigation in the Southern Lands".)
JillianWhat is Oceania?
$4,595
MichaelWhat is Oceania?
$8,399
JonWhat is "Polynesia"
$15,801
Polynesia

Final scores:

Michael Jillian Jon
$9,201 $5 $37,201
2nd place: $2,000 3rd place: $1,000 New champion: $37,201

Game dynamics:

Coryat scores:

Michael Jillian Jon
$15,800 $6,000 $20,200
21 R
(including 1 DD),
0 W
13 R,
3 W
(including 1 DD)
20 R
(including 1 DD),
1 W

Combined Coryat: $42,000

[game clues] [game scores] [suggest correction]

Game tape date: 2021-01-12
The J! Archive is created by fans, for fans. Scraping, republication, monetization, and malicious use prohibited; this site may use cookies and collect identifying information. See terms. The Jeopardy! game show and all elements thereof, including but not limited to copyright and trademark thereto, are the property of Jeopardy Productions, Inc. and are protected under law. This website is not affiliated with, sponsored by, or operated by Jeopardy Productions, Inc. Join the discussion at JBoard.tv.